[Event "Women's Speed Chess Q5"]
[Site "chess.com INT"]
[Date "2021.06.04"]
[Round "3"]
[White "Pandey, Srishti"]
[Black "Sukandar, Irine Kharisma"]
[Result "1-0"]
[WhiteTitle "WFM"]
[BlackTitle "IM"]
[WhiteElo "2026"]
[BlackElo "2413"]
[WhiteFideId "35093290"]
[BlackFideId "7101937"]
[EventDate "2021.06.04"]

1. d4 c5 2. d5 e5 3. Nc3 d6 4. e4 g6 5. Bb5+ Nd7 6. a4 Bg7 7. Nge2 Ne7 8. O-O
O-O 9. Bd3 f5 10. f4 exf4 11. exf5 Nxf5 12. Nxf4 Ne5 13. Be2 Nd4 14. Be3 Nf5 15.
Bf2 Qg5 16. g3 Bd7 17. Ne4 Qe7 18. c3 Rae8 19. Re1 Bh6 20. Ng2 Qf7 21. Rf1 Qe7
22. Re1 a6 23. b4 b6 24. Bxa6 Ng7 25. Be2 Bh3 26. a5 cxb4 27. cxb4 bxa5 28. Rxa5
Nf5 29. Ra7 Qd8 30. Bb5 Ng7 31. Nh4 Bg4 32. Qc2 Re7 33. Rxe7 Qxe7 34. Be2 Bxe2
35. Rxe2 g5 36. Ng2 Nf3+ 37. Kh1 Nd4 38. Bxd4 Rf1+ 39. Bg1 g4 40. Re1 Rf3 41.
Qc8+ Rf8 42. Qxg4 1-0

[Event "Women's Speed Chess Q5"]
[Site "chess.com INT"]
[Date "2021.06.04"]
[Round "3"]
[White "Vo, Thi Kim Phung"]
[Black "Starosta, Martyna"]
[Result "1-0"]
[WhiteTitle "WGM"]
[BlackTitle "WCM"]
[WhiteElo "2335"]
[BlackElo "1910"]
[WhiteFideId "12401838"]
[BlackFideId "21818754"]
[EventDate "2021.06.04"]

1. d4 Nf6 2. c4 e6 3. Nc3 Bb4 4. Qc2 d5 5. cxd5 exd5 6. Nf3 O-O 7. Bg5 c6 8. e3
Be7 9. Bd3 h6 10. Bh4 Re8 11. O-O Nbd7 12. Rab1 Ne4 13. Bxe7 Qxe7 14. Bxe4 dxe4
15. Nd2 f5 16. b4 Nf6 17. b5 Bd7 18. bxc6 Bxc6 19. Qb3+ Qf7 20. Nc4 Nd5 21. Nd6
Qe6 22. Nxe8 Rxe8 23. Rfc1 f4 24. exf4 e3 25. Re1 Nxc3 26. Qxc3 Qe4 27. f3 Qxf4
28. Qb3+ Kh8 29. d5 Ba4 30. Qb4 Qxb4 31. Rxb4 Bc2 32. Rxb7 e2 33. d6 Bd1 34. d7
Rd8 35. Rxa7 Kh7 36. Kf2 Kg6 37. a4 Kf6 38. a5 Ke6 39. a6 Kd6 40. Rb7 Kc6 41.
Rxe2 Bxe2 42. Kxe2 Ra8 43. Ke3 g5 44. Ke4 Rd8 45. Kf5 Ra8 46. Ke6 Rd8 47. Ke7
Ra8 48. d8=Q Rxa6 49. Rc7+ Kb6 50. Qb8+ Ka5 51. Rc5+ Ka4 52. Qb5+ Ka3 53. Rc3+
Ka2 54. Qb3+ Ka1 55. Rc1# 1-0

[Event "Women's Speed Chess Q5"]
[Site "chess.com INT"]
[Date "2021.06.04"]
[Round "3"]
[White "Kulkarni, Bhakti"]
[Black "Nurmanova, Alua"]
[Result "1/2-1/2"]
[WhiteTitle "IM"]
[BlackTitle "WFM"]
[WhiteElo "2391"]
[BlackElo "2093"]
[WhiteFideId "5019516"]
[BlackFideId "13729390"]
[EventDate "2021.06.04"]

1. d4 Nf6 2. Nf3 g6 3. Bg5 Bg7 4. Nbd2 O-O 5. c3 d6 6. e4 c5 7. dxc5 dxc5 8. Bc4
h6 9. Bh4 Nc6 10. O-O Bg4 11. h3 Bxf3 12. Nxf3 Nxe4 13. Qc2 Nd6 14. Rad1 Qc7 15.
Bg3 e5 16. Bd5 Nf5 17. Bh2 Rfe8 18. Rfe1 Rad8 19. Qb3 Na5 20. Qa4 Ne7 21. Nxe5
Nxd5 22. Rxd5 Nc6 23. Rxd8 Qxd8 24. Rd1 Qe7 25. Nf3 Qe2 26. Rb1 Rd8 27. Bf4 g5
28. Be3 Ne5 29. Nxe5 Bxe5 30. Bxc5 b5 31. Qb3 a5 32. g3 a4 33. Qb4 Rd2 34. Qg4
Qd3 35. Re1 Qd5 36. Qc8+ Kg7 37. Bf8+ Kg6 38. g4 Qf3 39. Bc5 Bd6 40. Qg8+ Kf6
41. Qh8+ Kg6 42. Qg8+ Kf6 43. Qd8+ Kg6 44. Qg8+ 1/2-1/2

[Event "Women's Speed Chess Q5"]
[Site "chess.com INT"]
[Date "2021.06.04"]
[Round "3"]
[White "Antova, Gabriela"]
[Black "Perez Rodriguez, Jennifer"]
[Result "0-1"]
[WhiteTitle "FM"]
[BlackTitle "WIM"]
[WhiteElo "2250"]
[BlackElo "2251"]
[WhiteFideId "2915235"]
[BlackFideId "3507831"]
[EventDate "2021.06.04"]

1. d4 d5 2. c4 e6 3. Nf3 Nf6 4. Nc3 c5 5. cxd5 Nxd5 6. e4 Nxc3 7. bxc3 cxd4 8.
cxd4 Bb4+ 9. Bd2 Bxd2+ 10. Qxd2 O-O 11. Bc4 Nd7 12. O-O Nf6 13. Rfe1 b6 14. a4
Bb7 15. Bd3 Rc8 16. a5 b5 17. a6 Bc6 18. h4 h6 19. Bb1 Qb6 20. Qd3 g6 21. Qd2
Kg7 22. e5 Nh5 23. Be4 Bxe4 24. Rxe4 Qc6 25. Rae1 Kh7 26. Nh2 Qc3 27. Qe2 Rc4
28. Ng4 Rxd4 29. Qxb5 Rfd8 30. Kh2 Qd3 31. Qb7 R8d7 32. Qa8 Qa3 33. Rxd4 Rxd4
34. Qxa7 Rxg4 35. Qxf7+ Ng7 36. Rd1 Rxh4+ 37. Kg1 Qxa6 38. g3 Rh5 39. Rd7 Qa1+
40. Kg2 Qxe5 41. Rd8 Qe4+ 42. f3 Qe2+ 43. Kg1 Qe3+ 44. Kg2 Qe2+ 45. Kg1 Qh2+ 46.
Kf1 Qh1+ 47. Kf2 Rh2+ 48. Ke3 Qe1+ 49. Kf4 g5+ 50. Kg4 Qb4+ 51. f4 Qc3 52. Qg8+
Kg6 53. Rd7 h5# 0-1

[Event "Women's Speed Chess Q5"]
[Site "chess.com INT"]
[Date "2021.06.04"]
[Round "3"]
[White "Petrova, Irina"]
[Black "Smietanska, Wiktoria"]
[Result "1-0"]
[WhiteTitle "WIM"]
[BlackTitle "CM"]
[WhiteElo "2110"]
[BlackElo "1802"]
[WhiteFideId "14124122"]
[BlackFideId "21869359"]
[EventDate "2021.06.04"]

1. e4 c5 2. Nf3 d6 3. Bb5+ Nd7 4. O-O Nf6 5. Re1 a6 6. Bf1 e5 7. c3 g6 8. d4
cxd4 9. cxd4 Bg7 10. a4 O-O 11. Nc3 b6 12. h3 Bb7 13. d5 Nc5 14. b4 Ncd7 15. Be3
Rc8 16. Qb3 Rxc3 17. Qxc3 Nxe4 18. Qb3 f5 19. Rac1 Nef6 20. Rc6 Kh8 21. Rec1 Qe7
22. Ng5 f4 23. Bxb6 Bxc6 24. Rxc6 Nxb6 25. Rxb6 Nd7 26. Rb7 Qxg5 27. Rxd7 f3 28.
Rxd6 fxg2 29. Bxg2 Qc1+ 30. Kh2 e4 31. Re6 Qa1 32. Qg3 Qxa4 33. Rxe4 Qd7 34. Rc4
Re8 35. Rc7 Qxc7 36. Qxc7 Be5+ 37. Qxe5+ Rxe5 38. d6 Re6 39. d7 Rd6 40. Bb7 Rxd7
41. Bxa6 Rd6 42. b5 Kg7 43. Bb7 Rb6 44. Bc6 Kf6 45. Kg3 Ke5 46. Kg4 h6 47. f4+
Kf6 48. Kf3 Kf5 49. Ke3 Rb8 50. Bd7+ Kf6 51. Ke4 Rb7 52. Bc6 Rb8 53. Bd7 Rb7 54.
Bc6 Re7+ 55. Kf3 Kf5 56. b6 Rf7 57. b7 Rxb7 58. Bxb7 g5 59. Bc8+ Kf6 60. f5 h5
61. Ke4 g4 62. hxg4 h4 63. Kf3 Kg5 64. Kg2 Kf6 65. Kh3 Kg5 66. Bd7 Kf6 67. Kxh4 1-0

[Event "Women's Speed Chess Q5"]
[Site "chess.com INT"]
[Date "2021.06.04"]
[Round "3"]
[White "Mrudul, Dehankar"]
[Black "Gaponenko, Inna"]
[Result "1-0"]
[WhiteTitle "WIM"]
[BlackTitle "IM"]
[WhiteElo "2256"]
[BlackElo "2357"]
[WhiteFideId "25096990"]
[BlackFideId "14101181"]
[EventDate "2021.06.04"]

1. e4 g6 2. d4 Bg7 3. Nc3 d6 4. Nf3 Nf6 5. Be2 O-O 6. h3 c5 7. Be3 cxd4 8. Nxd4
Nc6 9. O-O d5 10. exd5 Nb4 11. d6 Qxd6 12. Ncb5 Qb8 13. c4 a6 14. Nc3 Rd8 15.
Qb3 e5 16. Nf3 Nc6 17. Rfd1 Be6 18. Rxd8+ Qxd8 19. Rd1 Qe8 20. Qxb7 Na5 21. Qb4
Nc6 22. Qa4 Rb8 23. b3 a5 24. c5 Rb4 25. Qa3 Nd7 26. Bb5 e4 27. Ng5 Ndb8 28.
Nxe6 Qxe6 29. Rd6 Qc8 30. Bxc6 Nxc6 31. Nd5 Rb7 32. Qa4 Be5 33. Rxc6 Qd7 34. Nf4
Qd1+ 35. Kh2 g5 36. Rc8+ Kg7 37. Qe8 Bxf4+ 38. Bxf4 gxf4 39. Qh8+ Kg6 40. Rg8+
Kf5 41. Qxh7+ Ke6 42. Qh6+ Ke7 43. Qg5+ Ke6 44. Re8+ Kd7 45. Rd8+ Kc6 46. Rxd1
a4 47. Qd5+ Kb5 48. c6+ Kb6 49. cxb7 axb3 50. b8=Q+ Ka6 51. Qdb5# 1-0

[Event "Women's Speed Chess Q5"]
[Site "chess.com INT"]
[Date "2021.06.04"]
[Round "3"]
[White "Arakhamia-Grant, Ketevan"]
[Black "Arpita, Mukherjee"]
[Result "0-1"]
[WhiteTitle "GM"]
[BlackTitle "WIM"]
[WhiteElo "2380"]
[BlackElo "2206"]
[WhiteFideId "13600168"]
[BlackFideId "5056403"]
[EventDate "2021.06.04"]

1. e4 c5 2. Nf3 d6 3. Bb5+ Nd7 4. O-O a6 5. Bd3 Ngf6 6. c3 Ne5 7. Nxe5 dxe5 8.
Bc2 e6 9. d3 Be7 10. Nd2 O-O 11. Nf3 Qc7 12. Bg5 b5 13. a4 Bb7 14. h3 Rfd8 15.
Qe2 h6 16. Bh4 b4 17. Bg3 Bd6 18. Nd2 bxc3 19. bxc3 Qa5 20. Ra3 Nd7 21. Nc4 Qc7
22. Rb3 Bc6 23. Ra1 Rab8 24. d4 cxd4 25. cxd4 Ba8 26. Nxd6 Qxd6 27. dxe5 Qc7 28.
Rxb8 Rxb8 29. Bd3 Qc3 30. Rd1 Nc5 31. Bb1 Nxa4 32. Qxa6 Nc5 33. Qa7 Rf8 34. Bh4
Nxe4 35. Be7 Rc8 36. Qd7 Bd5 37. Bb4 Qc6 38. Qxc6 Rxc6 39. f3 Nc3 40. Re1 Nxb1
41. Rxb1 Rc2 42. Bd6 Kh7 43. h4 Kg6 44. Rb8 h5 45. Rg8 Kh7 46. Rf8 Kg6 47. Be7
Re2 48. Bd6 Rc2 49. Rh8 Rc4 50. Rf8 Rxh4 51. Kf2 Rc4 52. Kg3 h4+ 0-1

[Event "Women's Speed Chess Q5"]
[Site "chess.com INT"]
[Date "2021.06.04"]
[Round "3"]
[White "Zawadzka, Jolanta"]
[Black "Klinova, Masha"]
[Result "1-0"]
[WhiteTitle "WGM"]
[BlackTitle "IM"]
[WhiteElo "2403"]
[BlackElo "2275"]
[WhiteFideId "1122320"]
[BlackFideId "2802015"]
[EventDate "2021.06.04"]

1. e4 d6 2. d4 Nf6 3. Nc3 e5 4. Nf3 Nbd7 5. a4 Be7 6. a5 O-O 7. Bc4 c6 8. O-O h6
9. Be3 Re8 10. h3 Bf8 11. dxe5 Nxe5 12. Nxe5 dxe5 13. Qe2 Bb4 14. Rfd1 Qe7 15.
Bd2 Be6 16. Ra4 Bc5 17. Na2 b5 18. axb6 axb6 19. Rxa8 Rxa8 20. b4 Bd6 21. Bxe6
Qxe6 22. Nc1 Ra1 23. f3 Nh5 24. Nd3 Rxd1+ 25. Qxd1 Qc4 26. Be3 b5 27. Qd2 Kh7
28. Kh2 Nf4 29. Bxf4 exf4 30. e5 Be7 31. c3 Bg5 32. Qc2 Kg8 33. Nf2 Qd5 34. Qe2
Bd8 35. Nd3 Bc7 36. Kh1 g5 37. Kh2 Bb6 38. g3 fxg3+ 39. Kxg3 Bc7 40. f4 gxf4+
41. Kxf4 Qc4+ 42. Ke3 Bb6+ 43. Kd2 Qa2+ 44. Kd1 Qxe2+ 45. Kxe2 Kg7 46. Kf3 Kg6
47. Ke4 Kh5 48. Nf4+ Kh4 49. Kf5 Kg3 50. Nh5+ Kxh3 51. Kf6 Kh4 52. Ng7 Kg4 53.
Kxf7 h5 54. e6 Bd8 55. Nxh5 Kxh5 56. e7 Bxe7 57. Kxe7 Kg5 58. Kd6 Kf5 59. Kxc6 1-0

[Event "Women's Speed Chess Q5"]
[Site "chess.com INT"]
[Date "2021.06.04"]
[Round "3"]
[White "Head, Louise"]
[Black "Ramirez, Maria Eugenia"]
[Result "0-1"]
[WhiteTitle "WFM"]
[BlackTitle "WFM"]
[WhiteElo "2090"]
[BlackElo "2057"]
[WhiteFideId "424773"]
[BlackFideId "3301680"]
[EventDate "2021.06.04"]

1. d4 Nf6 2. c4 e6 3. Nf3 c5 4. d5 exd5 5. cxd5 d6 6. Nc3 g6 7. h3 Bg7 8. e4 O-O
9. Bd3 Na6 10. O-O Nc7 11. a4 b6 12. Re1 a6 13. Bf4 Rb8 14. Qd2 b5 15. axb5 axb5
16. Bh6 b4 17. Nd1 Re8 18. Bxg7 Kxg7 19. b3 Nb5 20. Qc2 Bd7 21. Nb2 Nc3 22. Nc4
Bb5 23. Nfd2 Kg8 24. Re3 Qc7 25. g3 Ra8 26. Ree1 Rxa1 27. Rxa1 Bxc4 28. bxc4 Qd7
29. Kg2 Qe7 30. f3 Qe5 31. Nb3 Nh5 32. Qf2 f5 33. f4 Qf6 34. exf5 gxf5 35. Qf3
Ng7 36. Qf2 Ne4 37. Qf3 Qb2+ 38. Qe2 Qxb3 39. Bxe4 Rxe4 40. Qd2 Qxc4 41. Ra8+
Kf7 42. Ra7+ Kg6 43. Ra2 b3 44. Rb2 Qd4 45. Qc1 c4 46. Rd2 Qe3 47. Qb2 c3 48.
Qxb3 cxd2 49. Qxe3 Rxe3 50. Kf2 d1=Q 51. Kxe3 Qxd5 52. Kf2 Ne6 53. h4 Qb3 54.
Kg2 Nd4 55. h5+ Kxh5 56. g4+ Kxg4 0-1

[Event "Women's Speed Chess Q5"]
[Site "chess.com INT"]
[Date "2021.06.04"]
[Round "3"]
[White "Yu, Jennifer"]
[Black "Balabayeva, Xeniya"]
[Result "1-0"]
[WhiteTitle "FM"]
[BlackTitle "WFM"]
[WhiteElo "2316"]
[BlackElo "2116"]
[WhiteFideId "2078341"]
[BlackFideId "13719688"]
[EventDate "2021.06.04"]

1. c4 e5 2. Nc3 Bb4 3. Nd5 Bc5 4. Nf3 c6 5. Nc3 d6 6. e3 Ne7 7. d4 exd4 8. exd4
Bb6 9. Be2 O-O 10. O-O Bf5 11. Bg5 f6 12. Bf4 Ng6 13. Bg3 Qd7 14. d5 c5 15. Re1
Na6 16. Bd3 Bxd3 17. Qxd3 Ne5 18. Nxe5 fxe5 19. Ne4 h6 20. Re3 Rae8 21. Rf1 Rf7
22. f4 exf4 23. Bxf4 Ref8 24. Ref3 Bc7 25. a3 Qe7 26. Ng3 Nb8 27. Qg6 Nd7 28.
Nh5 Nf6 29. Re3 Qd7 30. Ng3 Nh7 31. Ref3 Rf6 32. Qd3 Qf7 33. Bd2 Rxf3 34. Rxf3
Nf6 35. Ne4 Qe7 36. Nxf6+ Rxf6 37. Rxf6 Qxf6 38. Bc3 Qe7 39. Kf2 Bd8 40. Qe3
Qf7+ 41. Ke2 Bf6 42. Qf4 Qe7+ 43. Kd3 Bxc3 44. bxc3 Qd7 45. Kc2 Qe7 46. Kb3 b6
47. Qf5 a6 48. Qc8+ Kh7 49. Qxa6 Qe2 50. Qxb6 Qd1+ 51. Ka2 Qc2+ 52. Qb2 1-0

[Event "Women's Speed Chess Q5"]
[Site "chess.com INT"]
[Date "2021.06.04"]
[Round "3"]
[White "Komiagina, Maria"]
[Black "Tokhirjonova, Gulrukhbegim"]
[Result "0-1"]
[WhiteTitle "WIM"]
[BlackTitle "WGM"]
[WhiteElo "2241"]
[BlackElo "2344"]
[WhiteFideId "4153987"]
[BlackFideId "14203626"]
[EventDate "2021.06.04"]

1. e4 e5 2. Nf3 Nc6 3. Bb5 a6 4. Ba4 Nf6 5. d3 b5 6. Bb3 Bc5 7. O-O d6 8. c3 Bb6
9. h3 h6 10. d4 O-O 11. a4 Bb7 12. axb5 axb5 13. Rxa8 Qxa8 14. d5 Na5 15. Bc2 c6
16. dxc6 Bxc6 17. Nbd2 Rd8 18. Qe2 Nc4 19. Nxc4 bxc4 20. Re1 Bb5 21. Nh4 d5 22.
exd5 Qxd5 23. Nf5 Re8 24. Rd1 Qc6 25. Rd6 Qc5 26. Rxf6 Qxf2+ 27. Qxf2 Bxf2+ 28.
Kxf2 gxf6 29. Nxh6+ Kf8 30. Nf5 Rd8 31. Be3 Bd7 32. Bc5+ Kg8 33. Ne3 Be6 34. Ke2
Rb8 35. Bb4 Ra8 36. Ba3 Kg7 37. Be4 Rh8 38. Bf5 Rh4 39. g3 Rh8 40. h4 Rc8 41.
Kf3 Rd8 42. Bxe6 fxe6 43. Nxc4 Rd3+ 44. Ne3 f5 45. Ke2 Rd7 46. Bc5 Kf6 47. b4
Rg7 48. Kf3 e4+ 49. Kf2 e5 50. b5 Ke6 51. b6 f4 52. Nf1 Kd5 53. Bb4 Rb7 54. Ba5
Rf7 55. g4 e3+ 56. Ke2 Ke4 57. Nh2 f3+ 58. Ke1 Kf4 59. Nf1 e2 60. Nd2 Ke3 61.
Nc4+ Ke4 62. Nd2+ Kd3 63. Nxf3 Rxf3 64. b7 Rf1# 0-1

[Event "Women's Speed Chess Q5"]
[Site "chess.com INT"]
[Date "2021.06.04"]
[Round "3"]
[White "Grigoryan, Meri"]
[Black "Nandhidhaa, P V"]
[Result "0-1"]
[WhiteTitle "WFM"]
[BlackTitle "WGM"]
[WhiteElo "2044"]
[BlackElo "2365"]
[WhiteFideId "13300571"]
[BlackFideId "5050847"]
[EventDate "2021.06.04"]

1. d4 c5 2. e3 Nf6 3. Nf3 d5 4. c3 e6 5. Be2 Nc6 6. O-O b6 7. b3 Bb7 8. Bb2 Bd6
9. Nbd2 O-O 10. Rc1 Rc8 11. Re1 Ne4 12. Nxe4 dxe4 13. Nd2 f5 14. f3 exf3 15.
Bxf3 Qc7 16. Nf1 e5 17. d5 Ne7 18. c4 e4 19. Bh5 Rcd8 20. Qc2 Be5 21. Bxe5 Qxe5
22. Qc3 Qxc3 23. Rxc3 Nc8 24. Be2 Nd6 25. Ng3 a6 26. Nh5 g5 27. h4 h6 28. Rf1
Kh7 29. g4 gxh4 30. gxf5 Nxf5 31. Kh2 Rd6 32. Bg4 Bc8 33. Rc2 Rg6 34. Bxf5 Rxf5
35. Rxf5 Bxf5 36. Rf2 Rg5 37. Nf6+ Kg6 38. Ne8 Rg3 39. Rg2 Rxg2+ 40. Kxg2 h3+
41. Kg3 Bd7 42. Nd6 b5 43. Nxe4 bxc4 44. bxc4 Kf5 45. Nxc5 Be8 46. e4+ Ke5 47.
Kxh3 Kd4 48. Ne6+ Kxc4 49. d6 Bd7 50. Kh4 Bxe6 51. Kh5 Kd4 52. Kxh6 Kxe4 53. Kg5
Ke5 54. Kh4 Kxd6 55. Kg3 Kc5 56. Kf2 Kd4 57. Ke1 Kc3 58. Kd1 Kb2 59. Kd2 Bxa2
60. Kd1 Bb3+ 61. Kd2 a5 0-1

[Event "Women's Speed Chess Q5"]
[Site "chess.com INT"]
[Date "2021.06.04"]
[Round "3"]
[White "Vu, Bui Thi Thanh Van"]
[Black "Eswaran, Aksithi"]
[Result "1-0"]
[WhiteTitle "WFM"]
[BlackTitle "WCM"]
[WhiteElo "1750"]
[BlackElo "1745"]
[WhiteFideId "12408921"]
[BlackFideId "2083485"]
[EventDate "2021.06.04"]

1. d4 d5 2. Nf3 Nf6 3. e3 e6 4. Bd3 Bd6 5. Nbd2 O-O 6. O-O Nbd7 7. Re1 e5 8. e4
dxe4 9. Nxe4 exd4 10. Nxd6 cxd6 11. Nxd4 Ne5 12. Bg5 h6 13. Bh4 Re8 14. Qd2 Bd7
15. Rad1 Rc8 16. c3 Bg4 17. f3 Bh5 18. Nf5 Bg6 19. Bb1 Qb6+ 20. Bf2 Qc6 21. Qxd6
Bxf5 22. Bxf5 Qxd6 23. Rxd6 Rb8 24. b3 a6 25. c4 Nc6 26. Rd2 Rxe1+ 27. Bxe1 Re8
28. Bf2 g6 29. Bb1 Kg7 30. Kf1 Re7 31. Bc5 Re6 32. a3 Ne5 33. Bc2 b6 34. Bd4 Nc6
35. Bxb6 Ne5 36. Bd4 Nc6 37. Bc3 Re8 38. Bxf6+ Kxf6 39. Rd6+ Re6 40. Rxe6+ Kxe6
41. Ke2 Ne5 42. Kd2 Kd6 43. Kc3 a5 44. b4 axb4+ 45. axb4 f5 46. c5+ Kc6 47. Kd4
Nd7 48. Ba4+ Kc7 49. Bxd7 Kxd7 50. Kd5 g5 51. b5 g4 52. b6 h5 53. c6+ Kc8 54.
Kd6 h4 55. fxg4 fxg4 56. b7+ Kb8 57. Kd7 h3 58. c7+ Kxb7 59. c8=Q+ Kb6 60. gxh3
gxh3 61. Kd6 Kb5 62. Qc5+ Ka4 63. Qb6 Ka3 64. Kc5 Ka2 65. Kc4 Ka1 66. Kc3 Ka2
67. Qb2# 1-0

[Event "Women's Speed Chess Q5"]
[Site "chess.com INT"]
[Date "2021.06.04"]
[Round "3"]
[White "Padmini, Rout"]
[Black "Kashlinskaya, Alina"]
[Result "1-0"]
[WhiteTitle "IM"]
[BlackTitle "IM"]
[WhiteElo "2370"]
[BlackElo "2494"]
[WhiteFideId "5029295"]
[BlackFideId "4198026"]
[EventDate "2021.06.04"]

1. e4 e6 2. d4 d5 3. Nd2 c5 4. Ngf3 Nc6 5. exd5 exd5 6. Bb5 Qe7+ 7. Be2 Qc7 8.
O-O Nf6 9. Re1 Be6 10. dxc5 Bxc5 11. Nb3 Bb6 12. Nfd4 O-O 13. c3 Rae8 14. Be3 a6
15. Bf3 Ne5 16. Nxe6 fxe6 17. Bxb6 Nxf3+ 18. Qxf3 Qxb6 19. Qe3 Qd6 20. f3 e5 21.
Rad1 Nh5 22. Qc5 Qxc5+ 23. Nxc5 Nf4 24. Nd3 Nxd3 25. Rxd3 e4 26. Rxd5 exf3 27.
Rxe8 Rxe8 28. gxf3 Re2 29. Rd8+ Kf7 30. Rd7+ Kf6 31. Rxb7 g5 32. a4 Kf5 33. b4
Rc2 34. Rxh7 Rxc3 35. Kf2 Ra3 36. a5 Rb3 37. Rh6 Rxb4 38. Rxa6 Ra4 39. Ra8 Ra3
40. a6 Kg6 41. a7 Kg7 42. Kg3 Ra4 43. h4 gxh4+ 44. Kh3 Kh7 45. f4 Rxf4 46. Rh8+
Kxh8 47. a8=Q+ Kg7 48. Qb8 Rf7 49. Kxh4 Rf6 50. Kg5 Rg6+ 51. Kf5 Rf6+ 52. Ke5
Rf7 53. Qc8 Re7+ 54. Kf5 Rf7+ 55. Kg5 Re7 56. Qf5 Rf7 57. Qe6 Ra7 58. Qf6+ Kh7
59. Qf5+ Kg8 60. Qc8+ Kh7 61. Qh3+ Kg8 62. Qb3+ Kh7 63. Qc2+ Kg8 64. Qc4+ Kh7
65. Qd3+ Kg8 66. Kh6 1-0

[Event "Women's Speed Chess Q5"]
[Site "chess.com INT"]
[Date "2021.06.04"]
[Round "3"]
[White "Priyanka, K"]
[Black "February, Jesse Nikki"]
[Result "1/2-1/2"]
[WhiteTitle "WIM"]
[BlackTitle "WIM"]
[WhiteElo "2218"]
[BlackElo "1863"]
[WhiteFideId "5082986"]
[BlackFideId "14312336"]
[EventDate "2021.06.04"]

1. e4 e6 2. d4 d5 3. Nc3 dxe4 4. Nxe4 Bd7 5. Nf3 Bc6 6. Bd3 Nd7 7. O-O Ngf6 8.
Bg5 Be7 9. Bxf6 Nxf6 10. Qe2 O-O 11. Rae1 Nxe4 12. Bxe4 Bxe4 13. Qxe4 c6 14. Ne5
Qd5 15. a4 Qxe4 16. Rxe4 Rfd8 17. c3 a5 18. Rfe1 Bf6 19. Nc4 b5 20. Ne5 Bxe5 21.
Rxe5 b4 22. Rc5 bxc3 23. bxc3 Rd6 24. Rb1 f6 25. Rb6 e5 26. Rbxc6 Rxc6 27. Rxc6
exd4 28. cxd4 Rd8 29. Rc4 Kf7 30. Kf1 Ke6 31. Ke2 Rd7 32. Kd3 Rb7 33. Rc6+ Ke7
34. Rc5 Rb2 35. Rc7+ Kf8 36. Rc2 Rb4 37. Ke4 Rxa4 38. Kd5 Kf7 39. Rc7+ Kg6 40.
Rc2 Kf7 41. Re2 Ra1 42. Kd6 a4 43. d5 a3 44. Kd7 a2 45. d6 h5 46. h4 f5 47. f4
g6 48. g3 Kf6 49. Re6+ Kf7 50. Re7+ Kf8 51. Re8+ Kf7 52. Ra8 Kf6 53. Ra6 Kf7 54.
Ra7 Kf8 55. Ra8+ Kf7 56. Ra6 Kf8 57. Ra8+ Kf7 58. Ra7 Kf8 59. Ra6 Kf7 60. Ra7 1/2-1/2

[Event "Women's Speed Chess Q5"]
[Site "chess.com INT"]
[Date "2021.06.04"]
[Round "3"]
[White "Cori T., Deysi"]
[Black "Antolak, Julia"]
[Result "1-0"]
[WhiteTitle "WGM"]
[BlackTitle "WIM"]
[WhiteElo "2388"]
[BlackElo "2309"]
[WhiteFideId "3801934"]
[BlackFideId "1159569"]
[EventDate "2021.06.04"]

1. d4 Nf6 2. Nf3 g6 3. g3 Bg7 4. Bg2 O-O 5. O-O d6 6. b3 c6 7. Bb2 Qa5 8. Nbd2
Qh5 9. Re1 Bg4 10. Nc4 Nbd7 11. Ne3 Bh3 12. Bh1 e5 13. dxe5 dxe5 14. Nc4 Rfe8
15. Nd6 Re7 16. Nd2 Nb6 17. e3 Bg4 18. f3 Rd8 19. fxg4 Nxg4 20. Nf1 Red7 21. Ba3
Nc8 22. Bf3 f5 23. Qe2 Nxd6 24. Rad1 e4 25. Bxg4 Qxg4 26. Bxd6 Qxe2 27. Rxe2
Rxd6 28. Red2 Rxd2 29. Rxd2 Rxd2 30. Nxd2 b5 31. c4 Kf7 32. cxb5 cxb5 33. Nb1
Bb2 34. a4 a6 35. Kf2 Ke6 36. Ke2 Kd5 37. axb5 axb5 38. Kd2 Kc5 39. Kc2 Be5 40.
Nd2 g5 41. Nf1 h5 42. Nd2 Kd5 43. Nf1 f4 44. gxf4 gxf4 45. h3 Bd6 46. Kd2 f3 47.
Kc2 Ke5 48. Kc3 Bc5 49. b4 Bb6 50. Kd2 Kf5 51. Ng3+ Kg5 52. Nxe4+ Kh4 53. Ke1
Kxh3 54. Kf2 Kg4 55. Nf6+ Kf5 56. Nd5 Ba7 57. Kxf3 h4 58. e4+ Ke5 59. Nf4 Kd4
60. Ng2 Kc3 61. Nxh4 Kxb4 62. e5 Kc3 63. Ke4 b4 64. Nf3 Bc5 65. e6 Be7 66. Nd4
Bc5 67. Nc6 b3 68. Kd5 Bf8 69. Nd4 b2 70. Ne2+ Kc2 71. Nd4+ 1-0

[Event "Women's Speed Chess Q5"]
[Site "chess.com INT"]
[Date "2021.06.04"]
[Round "3"]
[White "Batsiashvili, Nino"]
[Black "Doluhanova, Evgeniya"]
[Result "1/2-1/2"]
[WhiteTitle "GM"]
[BlackTitle "WGM"]
[WhiteElo "2491"]
[BlackElo "2192"]
[WhiteFideId "13602993"]
[BlackFideId "14112035"]
[EventDate "2021.06.04"]

1. d4 Nf6 2. c4 e6 3. Nc3 Bb4 4. e3 O-O 5. Bd2 d5 6. Nf3 c5 7. a3 Bxc3 8. Bxc3
Ne4 9. Rc1 Nxc3 10. Rxc3 cxd4 11. Nxd4 Nc6 12. cxd5 Nxd4 13. Qxd4 Qxd5 14. Qxd5
exd5 15. Be2 Be6 16. O-O Rfc8 17. Rfc1 Rxc3 18. Rxc3 Rc8 19. Rxc8+ Bxc8 20. Bf3
Be6 21. Kf1 Kf8 22. Ke2 Ke7 23. Kd3 Kd6 24. Kd4 b6 25. Bd1 Bd7 26. Bb3 Bc6 27.
f4 f6 28. Bc2 h6 29. Bg6 Bd7 30. Bf7 Bc6 31. h4 g5 32. fxg5 fxg5 33. hxg5 hxg5
34. Bh5 Bd7 35. Bf7 Bc6 36. b4 a5 37. bxa5 bxa5 38. Bg8 Bb7 39. Bh7 Bc8 40. Bg8
Bb7 41. Bf7 Bc6 42. Bh5 Bd7 43. Bf3 Be6 44. g3 Bf7 45. Bd1 Bg6 46. Bb3 Be4 47.
Ba4 Bg6 48. Bb5 Be4 49. Be2 Bg6 50. Ba6 Be4 51. Bb7 Bf3 52. Bc8 Be4 53. Bg4 Bg6
54. Be2 Be4 55. Bh5 Bf5 56. Bf7 Be4 57. Bg8 Bf3 58. Bf7 Be4 59. Bh5 Bg2 60. Bg6
Bf3 61. e4 dxe4 62. Bxe4 Bg4 63. Bg2 Bf5 64. Kc4 Bd7 65. Bf3 Be8 66. Kd4 Bd7 67.
Bg2 Be8 68. Bh3 Bc6 69. Bg4 Bd5 70. Bf5 Bc6 71. Be4 Bd7 72. Ba8 Be6 73. Ke4 Kc5
74. Ke5 Bh3 75. Kf6 g4 76. a4 Kb4 77. Bc6 Bf1 78. Kg5 Be2 79. Bd7 Bd1 80. Kf4
Bxa4 81. Bxg4 Bb3 82. Bf5 a4 83. g4 a3 84. Bb1 a2 85. Bxa2 Bxa2 86. g5 Kc5 87.
g6 Kd6 88. g7 Ke7 89. g8=Q Bxg8 1/2-1/2

[Event "Women's Speed Chess Q5"]
[Site "chess.com INT"]
[Date "2021.06.04"]
[Round "4"]
[White "Head, Louise"]
[Black "Singgih, Diajeng Theresa"]
[Result "1-0"]
[WhiteTitle "WFM"]
[BlackTitle "WFM"]
[WhiteElo "2090"]
[BlackElo "1972"]
[WhiteFideId "424773"]
[BlackFideId "7104391"]
[EventDate "2021.06.04"]

1. d4 d5 2. c4 e6 3. Nc3 Nf6 4. Bg5 Be7 5. e3 O-O 6. Qc2 b6 7. cxd5 Nxd5 8. Bxe7
Qxe7 9. Nxd5 exd5 10. Nf3 c5 11. dxc5 bxc5 12. Rc1 Nd7 13. Bb5 c4 14. Bc6 Qb4+
15. Qc3 Qxc3+ 16. bxc3 Rb8 17. Bxd5 Nb6 18. Be4 f5 19. Bc2 Nd5 20. Kd2 Rb2 21.
a3 Bd7 22. Rb1 Ra2 23. Ra1 Rb2 24. Rhb1 Re8 25. Rxb2 1-0

[Event "Women's Speed Chess Q5"]
[Site "chess.com INT"]
[Date "2021.06.04"]
[Round "4"]
[White "Kabanova, Ekaterina"]
[Black "Grigoryan, Meri"]
[Result "1-0"]
[WhiteTitle "WFM"]
[BlackTitle "WFM"]
[WhiteElo "2138"]
[BlackElo "2044"]
[WhiteFideId "24112917"]
[BlackFideId "13300571"]
[EventDate "2021.06.04"]

1. c4 f5 2. e3 Nf6 3. Qc2 e6 4. a3 Be7 5. b4 O-O 6. Bb2 d6 7. d3 a5 8. Nd2 axb4
9. axb4 Rxa1+ 10. Bxa1 Bd7 11. Ngf3 Qe8 12. Be2 Ba4 13. Qb2 b5 14. O-O bxc4 15.
dxc4 Nc6 16. b5 Ne5 17. Nxe5 dxe5 18. Qxe5 Bd6 19. Qb2 c6 20. h3 e5 21. Qa2 cxb5
22. cxb5+ Kh8 23. Qxa4 Ne4 24. Nxe4 fxe4 25. Qxe4 1-0